000 01997nam0a2200397 i 4500
001 RU\NLR\BIBL_A\010357606
005 20260405082136.0
021 _aRU
_b2014-19801
_91230
035 _a(NILC)RuMoRGB-006762713
035 _a(NLR Aleph) 010357606
090 _a10767883
_c10767883
100 _a20140516d2013 k y0rusy50 ca
101 0 _arus
_deng
102 _aRU
105 _aa|||z||||||y|
200 1 _aЭкономические и инфраструктурные проблемы горно-промышленного комплекса России
_fИ.Т. Хелая, С.М. Романов, А.Ю. Дьячкова, В.А. Ильина
205 _aПрепринт
210 _aМосква
_cГорная книга
_d2013
215 _a33 с.
_cил.
_d21
225 1 _aГорный информационно-аналитический бюллетень (научно-технический журнал)
_v№ 5
_iОтдельные статьи (специальный выпуск)
_x0236-1493
300 _aРез. на англ. яз.
320 _aБиблиогр. в конце ст.
606 1 _aУгольная промышленность
_xУправление
_yРоссийская Федерация
_92114826
_3RU\NLR\AUTH\661581234
675 _a622:658(470)
686 1 _aУ9(2)-554-969
686 1 _aУ30(2)565.1-969-21
701 1 _aХелая
_bИ. Т.
_gИраклий Теймуразович
_9143045
_3RU\NLR\AUTH\770143081
701 1 _7ca
_8rus
_aРоманов
_bС. М.
_cканд. экон. наук, горная пром-сть
_gСергей Михайлович
_911923
_3RU\NLR\AUTH\7728894
701 1 _aДьячкова
_bА. Ю.
_gАнна Юрьевна
701 1 _aИльина
_bВ. А.
_cинженер
_gВалентина Александровна
_9143060
_3RU\NLR\AUTH\770143096
801 0 _aRU
_bRuMoRKP
_c20140320
_gRCR
801 2 _aRU
_bРГБ
_c20140408
_grcr
942 _cBOOK
980 _aNBR